Central Library OPAC University of Rajshahi
Normal view MARC view

Entry Personal Name

Number of records used in: 2

001 - CONTROL NUMBER

  • control field: 13579

003 - CONTROL NUMBER IDENTIFIER

  • control field: BD-RjUL

005 - DATE AND TIME OF LATEST TRANSACTION

  • control field: 20240924121304.0

008 - FIXED-LENGTH DATA ELEMENTS

  • fixed length control field: 240924|| aca||aabn | a|a d

040 ## - CATALOGING SOURCE

  • Original cataloging agency: BD-RjUL
  • Transcribing agency: BD-RjUL

100 ## - HEADING--PERSONAL NAME

  • Personal name: Islam, N. F. Supervisor

670 ## - SOURCE DATA FOUND

  • Source citation: Work cat.: (BD-RjUL)84028: BISWAS, RANJIT KUMAR, SOLVENT EXTRACTION OF Ti(Iv), v(Iv), Fe(III), Cr(III) AND Mn(II) WITH BIS-(2-ETHYL HEXYL) PHOSPHORIC ACID IN BENZENE - A SEPARATION, KINETICS AND MECHANISM STUDY , 1979